000 01122nam0a22002771 4500
001 rc\4238571
005 20130416112047.4
021 _aRU
_b[61-84490]
035 _a(NLR Aleph) 008468699
090 _a7915680
_c7915680
100 _a20130416d1961 |||y0rusy50 ca
101 0 _arus
102 _aRU
105 _ay z |||||
200 1 _aТаблицы распределения энергии и фотонов в спектре равновесного излучения
_fАкад. наук БССР. Ин-т физики. Ин-т математики и вычислит. техники
210 _aМинск
_cИзд-во Акад. наук БССР
_d1961
215 _a251 с., 1 л. граф.
_cграф.
_d27
320 _aБиблиогр.: с. 37 (31 назв.)
606 _aТепловое излучение
_xХарактеристики
_jТаблицы
_2psbo
700 1 _aАпанасевич
_bП. А.
_gПавел Андреевич
701 1 _aАйзенштадт
_bВ. С.
801 0 _aRU
_bNLR
_gpsbo
801 1 _aRU
_bELAR
_2rusmarc
852 _aNLR
_j62-7/58
942 _cBOOK
980 _aNB